| 000 | 00941nam a2200181Ia 4500 | ||
|---|---|---|---|
| 008 | 090630s9999 xx 000 0 und d | ||
| 082 | _b14941 | ||
| 100 | _aप्रा. गर्दे व प्रा. भावे. | ||
| 245 |
_aद्रायू यांत्रकिी व जलिकी भाग 1. _cप्रा. गर्दे व प्रा. भावे. |
||
| 260 |
_bमहाराष्ट्र विद्यापीठ ग्रंथनिर्मिती मंडळ - नागपूर. _c1976 |
||
| 300 | _a583 | ||
| 600 | _aप्रा. गर्दे व प्रा. भावे. | ||
| 630 | _aद्रायू यांत्रकिी व जलिकी भाग 1. | ||
| 655 | _aइतर. | ||
| 700 | _aप्रा. गर्दे व प्रा. भावे. | ||
| 730 | _aद्रायू यांत्रकिी व जलिकी भाग 1. | ||
| 942 | _cBOOK | ||
| 999 |
_c266797 _d266797 |
||